新潟県の戦前市制・町制 - Statistics

General Stats
  • This quiz has been taken 123 times
    105 since last reset
  • The average score is 53 of 69
Answer Stats
施行日 施行内容 所属郡 回答 % Correct
1889.04.01 市制 (市) 新潟市
100%
1889.04.01 町制 西頸城郡 糸魚川町
100%
1889.04.01 町制 岩船郡 村上町
100%
1906.04.01 市制 (市) 長岡市
100%
1889.04.01 町制 北蒲原郡 新発田町
98%
1889.04.01 町制 刈羽郡 柏崎町
98%
1892.09.09 町制 中頸城郡 新井町
98%
1889.04.01 町制 中蒲原郡 新津町
96%
1889.04.01 町制 西蒲原郡 燕町
96%
1889.04.01 町制 北魚沼郡 小千谷町
96%
1934.01.01 市制 (市) 三条市
96%
1889.04.01 町制 南蒲原郡 加茂町
95%
1889.04.01 町制 北魚沼郡 小出町
95%
1889.04.01 町制 中頸城郡 高田町
95%
1897.09.24 町制 中魚沼郡 十日町
95%
1911.09.01 市制 (市) 高田市
95%
1889.04.01 町制 南蒲原郡 三条町
93%
1889.04.01 町制 三島郡 出雲崎町
93%
1889.04.01 町制 中頸城郡 直江津町
93%
1940.07.01 市制 (市) 柏崎市
93%
1889.04.01 町制 南蒲原郡 見附町
91%
1900.07.13 町制 南魚沼郡 六日町
91%
1889.04.01 町制 中蒲原郡 五泉町
89%
1889.04.01 町制 古志郡 長岡町
89%
1927.08.01 町制 西頸城郡 青海町
89%
1889.04.01 町制 北蒲原郡 中条町
88%
1891.04.10 町制 西蒲原郡 巻町
88%
1889.04.01 町制 中蒲原郡 白根町
86%
1889.04.01 町制 東蒲原郡 津川町
86%
1889.04.01 町制 岩船郡 岩船町
86%
1889.04.01 町制 雑太郡 相川町
84%
1889.04.01 町制 北蒲原郡 水原町
82%
1889.04.01 町制 三島郡 寺泊町
82%
1889.04.01 町制 西頸城郡 能生町
82%
1934.01.01 町制 中頸城郡 柿崎町
82%
1889.04.01 町制 三島郡 与板町
80%
1924.01.01 町制 西蒲原郡 吉田町
80%
1900.11.06 町制 南魚沼郡 塩沢町
79%
1926.11.10 町制 北魚沼郡 堀之内町
79%
1889.04.01 町制 中蒲原郡 亀田町
77%
1889.04.01 町制 羽茂郡 小木町
77%
1889.04.01 町制 西頸城郡 名立町
75%
1889.04.01 町制 中蒲原郡 村松町
73%
1889.04.01 町制 西蒲原郡 地蔵堂町
70%
1889.04.01 町制 加茂郡 夷町
70%
1928.10.01 町制 西蒲原郡 内野町
70%
1889.04.01 町制 中蒲原郡 小須戸町
68%
1889.04.01 町制 中蒲原郡 沼垂町
68%
1889.04.01 町制 古志郡 長岡本町
68%
1889.04.01 町制 加茂郡 湊町
68%
1889.04.01 町制 古志郡 橡尾町
66%
1901.11.01 町制 北蒲原郡 葛塚町
64%
1889.04.01 町制 岩船郡 瀬波町
63%
1889.04.01 町制 岩船郡 村上本町
63%
1889.04.01 町制 古志郡 新町
61%
1889.04.01 町制 雑太郡 新町
61%
1889.04.01 町制 南蒲原郡 今町
59%
1889.04.01 町制 古志郡 千手町
59%
1934.08.01 町制 中魚沼郡 千手町
59%
1889.04.01 町制 三島郡 尼瀬町
57%
1889.04.01 町制 古志郡 草生津町
55%
1930.12.01 町制 西蒲原郡 曽根町
55%
1889.04.01 町制 雑太郡 川原田町
52%
1889.04.01 町制 刈羽郡 石地町
48%
1889.04.01 町制 刈羽郡 椎谷町
41%
1934.11.01 町制 三島郡 脇野町
41%
1934.04.01 町制 三島郡 関原町
39%
1889.04.01 町制 雑太郡 五十里町
38%
1889.04.01 町制 刈羽郡 宮川町
36%
No matching quizzes found
Score Distribution
Percent of People with Each Score
Percentile by Number Answered
Your Score History
You have not taken this quiz since the last reset